000 01686nam2a22002771 4500
001 v19\rc\2080515
005 20250620033007.0
035 _a(NLR Aleph) 005151339
090 _a4903450
_c4903450
100 _a20081218d1911 |||y0rusy50 ca
101 1 _arus
_cfre
102 _aRU
105 _ay z |||a|
200 1 _aЖенщина-воспитательница и автомобиль [и др. рассказы]
210 _d1911
_aБ. м.
423 0 _11011#$arus$cund$cund
_12001#$aВолшебный цветок$aГнаться за двумя зайцами не всегда хорошо
_1700#1$aКрейс$bЮ.
_tГнаться за двумя зайцами не всегда хорошо
_aКрейс, Ю.
423 0 _11011#$arus$ceng
_12001#$aМиллион Билля
_1700#1$aНитч$bГ.
_tМиллион Билля
_aНитч, Г.
423 0 _11011#$arus$ceng
_12001#$aОтчего у людей нет хвостов
_1700#1$aДжером$bД.К.$f1859-1927$gДжером Клапка
_tОтчего у людей нет хвостов
_aДжером, Джером Клапка (1859-1927)
461 0 _1001v19\rc\2080512
_12001#$aНовая юмористическая библиотека "Сатир"$e[Вып. 1]-$v[Вып. 3]
_94903420
_cМосква
_d1911
_nСатир
_o[Вып. 1]-
_p17 с.
_tНовая юмористическая библиотека "Сатир"
_v[Вып. 3]
532 1 2 _aЖенщина-воспитательница и автомобиль и другие рассказы
700 1 _aКистемекер
_bА.
801 0 _aRU
_bNLR
_gpsbo
801 1 _aRU
_bProSoft-M
_2rusmarc
852 _aNLR
_j37.33.10.3
942 _cBOOK
980 _aNB